Gares du Tarn et Garonne - Statistiques

Statistiques générales
  • Ce quiz a été pris 101 fois
  • Le résultat moyen est 6 sur 13
Statistiques - réponses
Nombre de voyageurs Gares % Correct
123 213 Castelsarrasin
79%
144 881 Moissac
76%
1 524 100 Montauban Ville Bourbon
75%
186 977 Caussade
74%
100 125 Valence d'Agen
53%
30 476 Albias
51%
136 951 Grisolles
49%
25 528 Lavilledieu
46%
89 890 Montbartier
43%
138 102 Dieupentale
35%
24 414 Lamagistère
28%
11 211 Laguépie
10%
16 520 Lexos
10%
Aucun quiz correspondant
Distribution des résultats
% des personnes avec chaque résultat
Percentile par nombre de réponses
Votre historique - résultats
Vous n’avez pas pris ce quiz